| 000 | 01136nam0a22002531 4500 | ||
|---|---|---|---|
| 001 | rc\543848 | ||
| 005 | 20260407080004.0 | ||
| 035 | _a(NLR Aleph) 005780412 | ||
| 090 |
_a5110078 _c5110078 |
||
| 100 | _a20030616d1987 |||y0rusy50 ca | ||
| 101 | 0 | _arus | |
| 102 | _aRU | ||
| 105 | _aa ||||||||| | ||
| 200 | 1 |
_aЭффективность ремонта и использования сельскохозяйственной техники _eСб. науч. тр. _fМоск. ин-т инженеров с.-х. пр-ва им. В.П. Горячкина _g[Науч. ред. Ю.А. Конкин, С.В. Оганесян] |
|
| 210 |
_aМ. _cМИИСП _d1987 |
||
| 215 |
_a86 с. _cил. _d21 |
||
| 320 | _aБиблиогр. в конце ст. | ||
| 702 | 1 |
_aКонкин _bЮ.А. _gЮрий Александрович _4340 |
|
| 712 | 0 | 2 |
_aМосковский институт инженеров сельскохозяйственного производства им. В. П. Горячкина _3RU\NLR\AUTH\884581 _9280699 |
| 801 | 0 |
_aRU _bNLR _gpsbo |
|
| 801 | 1 |
_aRU _bELAR _2rusmarc |
|
| 852 |
_aNLR _j88-4/5935 |
||
| 942 | _cBOOK | ||
| 980 | _aNB | ||